000 01010nam a2200265Ia 4500
003 OSt
005 20220923211525.0
006 a|||||r|||| 00| 0
007 ta
008 220922b |||||||| |||| 00| 0 hin d
020 _a9789381305027 (hbk)
_c350
024 _a317,470
037 _b81, 15/03/2017, Mallika Books
_cTextual
040 _aARTS
_cARTS
_bhin
041 _2hin
_ahin
082 _a4,1, 152Q4
100 _aविष्णु पंकज, ले.
245 0 _aप्रिन्ट और इलेक्ट्रॉनिक मीडिया में साक्षात्कार
246 _aPrinṭa aur ilekṭraॉnik mīḍiyā mean sākṣhātkāra
260 _aजयपुर
_b नेशनल पब्लिकेशन्स
_c2014
300 _a164पृ.
_ccm.
650 _aपत्रकारिता
942 _h4,1, 152Q4
_cTEXL
_2CC
999 _c300413
_d300413